Ο μηχανισμός των τιμών στα χρηματιστήρια αξιών : εμπειρικές έρευνες με αναφορά στο Χρηματιστήριο Αξιών Αθηνών
Αποθηκεύτηκε σε:
| Άλλοι συγγραφείς: | , |
|---|---|
| Μορφή: | Βιβλίο |
| Γλώσσα: | Greek |
| Δημοσίευση: |
Αθήνα :
Παπαζήση,
c1997
|
| Θέματα: | |
| Ετικέτες: |
Προσθήκη ετικέτας
Δεν υπάρχουν, Καταχωρήστε ετικέτα πρώτοι!
|
MARC
| LEADER | 00000cam a2200000 i 4500 | ||
|---|---|---|---|
| 001 | 1/18640 | ||
| 008 | 010319s1997 gre d | ||
| 020 | |a 960-02-1227-9 | ||
| 035 | |l 10066563 | ||
| 040 | |a GR-MY-UA |b gre |e aacr | ||
| 041 | 0 | |a gre | |
| 082 | 0 | |a 332.642495 | |
| 245 | 1 | 2 | |a Ο μηχανισμός των τιμών στα χρηματιστήρια αξιών : |b εμπειρικές έρευνες με αναφορά στο Χρηματιστήριο Αξιών Αθηνών / |c εισαγωγή: Γ.Α. Καραθανάσης, Μ. Γκλεζάκος |
| 260 | |a Αθήνα : |b Παπαζήση, |c c1997 | ||
| 300 | |a 341 σ. | ||
| 504 | |a Περιλαμβάνει βιβλιογραφικές αναφορές | ||
| 650 | 0 | 0 | |a Stock exchanges |z Greece. |
| 650 | 0 | 0 | |a Money |z Greece. |
| 700 | 1 | |a Καραθανάσης, Γεώργιος Α. |4 aui | |
| 700 | 1 | |a Γκλεζάκος, Μ. |4 aui | |
| 852 | |a INST |b CHIOS |e 20010319 |h 332.642495 ΜΗΧ |p 005200016880 |q 005200016880 |t BK |y 0 | ||
| 901 | |a BIBL2-2001-1 | ||
| 909 | |a Χ |b 082955 | ||
| 970 | |a ΣΑΛΑΜΟΥΡΑ |b ΜΑΡΙΑ |z 2001/03/19 | ||